000
00267nam a2200085Ia 4500
008
170620s9999 xx 000 0 und d
100
_a
Kulshrestha- Pradeep Kumar (Hindi)
245
0
_a
Raghav Path Yojna Series- Rasayan Vigyan Shikshan (Hindi)
260
_b
Agra- Vinod Pustak Mandir
260
_c
1996
999
_c
23673
_d
23673